Question Bank On agricultural Competitve Exams (Record no. 925)
[ view plain ]
| 000 -LEADER | |
|---|---|
| fixed length control field | 00308nam a22001217a 4500 |
| 041 ## - LANGUAGE CODE | |
| Language code of text/sound track or separate title | ENG |
| 100 ## - MAIN ENTRY--PERSONAL NAME | |
| Personal name | Singh .N.P |
| 245 ## - TITLE STATEMENT | |
| Title | Question Bank On agricultural Competitve Exams |
| 260 ## - PUBLICATION, DISTRIBUTION, ETC. (IMPRINT) | |
| Place of publication, distribution, etc | Delhi |
| Name of publisher, distributor, etc | International Book |
| Date of publication, distribution, etc | 2004 |
| 300 ## - PHYSICAL DESCRIPTION | |
| Extent | 927 |
| 650 ## - SUBJECT ADDED ENTRY--TOPICAL TERM | |
| Topical term or geographic name as entry element | Competitlve Exam |
| 856 ## - ELECTRONIC LOCATION AND ACCESS | |
| Uniform Resource Identifier | Competitlve Exam ( 36 ) |
| Withdrawn status | Lost status | Source of classification or shelving scheme | Damaged status | Not for loan | Home library | Current library | Shelving location | Date acquired | Cost, normal purchase price | Total Checkouts | Barcode | Date last seen | Date checked out | Price effective from | Koha item type |
|---|---|---|---|---|---|---|---|---|---|---|---|---|---|---|---|
| Dewey Decimal Classification | College of Agricultural Engineering and Technology, Dapoli , Library | College of Agricultural Engineering and Technology, Dapoli , Library | Book Cart | 08/09/2021 | 325.00 | 1 | 003768 | 25/10/2023 | 23/10/2023 | 08/09/2021 | Books | ||||
| Dewey Decimal Classification | College of Agricultural Engineering and Technology, Dapoli , Library | College of Agricultural Engineering and Technology, Dapoli , Library | Book Cart | 08/09/2021 | 325.00 | 003769 | 08/09/2021 | 08/09/2021 | Books |